I contratti in frode alla legge

Gardado en:
Detalles Bibliográficos
Autor Principal: Cricenti, Giuseppe (Author)
Formato: Libro
Idioma:Lingua italiana
Publicado: Milán Giuffré 2008
Edición:2a. ed
Series:Il Diretto Privado Oggi
Subjects:
Tags: Engadir etiqueta
Sen Etiquetas, Sexa o primeiro en etiquetar este rexistro!

MARC

LEADER 00000nam a2200000 a 4500
001 UCH9254
003 CL-VaPUC
008 091231e20080000IT |||||||||||||||||ita|d
020 |a 9788814139695 
082 0 4 |a 346.02  |b CRI  |2 21 
100 0 |a Cricenti, Giuseppe  |e author  |9 546192 
245 1 2 |a I contratti in frode alla legge 
250 |a 2a. ed 
300 |a 383 p 
942 |c BK 
945 |d 20091231 00:00:00  |a rbrito 
260 |a Milán  |b Giuffré  |c 2008 
650 0 |a Derecho civil italiano  |9 400952 
650 0 |a Contrato  |9 336601 
650 0 |a Derecho comercial   |9 256340 
650 0 |a Jurisprudencia  |9 255952 
583 |a last modification  |c 20091231 00:00:00  |k Rodrigo Vera 
490 0 |a Il Diretto Privado Oggi 
999 |c 339269  |d 339267 
952 |0 0  |1 0  |4 0  |6 346_020000000000000_CRI_2008  |7 0  |8 A  |9 432818  |a BIBDER  |b BIBDER  |d 2019-11-22  |i 4631145  |o 346.02 CRI 2008  |p 4631145  |r 2023-01-25  |w 2019-11-22  |y BK  |k DER